Statistics for Bands By Number One Hits

Click here to take the quiz!

General Stats

  • This quiz has been taken 110 times
  • The average score is 11 of 15

Answer Stats

SongBand% Correct
Livin' On A PrayerBon Jovi
96%
Hotel CaliforniaEagles
95%
Sweet Child O' MineGuns N' Roses
93%
Stayin' AliveThe Bee Gees
93%
Another One Bites The DustQueen
92%
Another Brick In The Wall Part IIPink Floyd
91%
Every Breath You TakeThe Police
90%
Paint It BlackThe Rolling Stones
85%
Light My FireThe Doors
75%
Walk Like An EgyptianThe Bangles
72%
The JokerSteve Miller Band
62%
I Heard It Through The GrapevineMarvin Gaye
59%
ShoutTears For Fears
57%
My GirlThe Temptations
57%
My SharonaThe Knacks
3%

Score Distribution

Percentile by Number Answered

Percent of People with Each Score

Your Score History

You have not taken this quiz